Counter-Strike IEM Kraków 2026 Players - Statistics

General Stats
  • This quiz has been taken 12 times
  • The average score is 92 of 120
Answer Stats
Team Country Player % Correct
PARIVISION Russia BELCHONOKK
100%
G2 Bosnia & Herzegovina huNter-
100%
PARIVISION Russia Jame
100%
Aurora Turkey MAJ3R
100%
3DMAX France Maka
100%
G2 Guatemala malbsMd
100%
G2 Slovakia MATYS
100%
PARIVISION Russia nota
100%
Liquid Poland siuhy
100%
paiN Brazil snow
100%
Aurora Turkey soulfly
100%
G2 Spain SunPayus
100%
Aurora Turkey Wicadia
100%
Aurora Turkey woxic
100%
Aurora Turkey XANTARES
100%
PARIVISION Russia xiELO
100%
PARIVISION Russia zweih
100%
The MongolZ Mongolia 910
86%
Natus Vincere Finland Aleksib
86%
Vitality France apEX
86%
Natus Vincere Ukraine b1t
86%
paiN Brazil biguzera
86%
The MongolZ Mongolia bLitz
86%
3DMAX France bodyy
86%
NRG Denmark br0
86%
FaZe Latvia broky
86%
MOUZ Sweden Brollan
86%
The MongolZ Mongolia cobrazera
86%
Spirit Russia donk
86%
BC.Game Russia electroNic
86%
Liquid United States EliGE
86%
FURIA Brazil FalleN
86%
Vitality Israel flameZ
86%
FaZe Slovakia frozen
86%
3DMAX France Graviti
86%
G2 Israel HeavyGod
86%
Natus Vincere Romania iM
86%
FaZe Poland jcobbb
86%
MOUZ Finland Jimpphat
86%
Passion UA South Africa JT
86%
FaZe Denmark karrigan
86%
Liquid Germany Krimbo
86%
FURIA Brazil KSCERATO
86%
Passion UA Ukraine Kvem
86%
Falcons Russia kyousuke
86%
Falcons North Macedonia kyxsan
86%
3DMAX France Lucky
86%
Falcons Russia m0NESY
86%
Spirit Russia magixx
86%
Natus Vincere Kosovo makazze
86%
Vitality United Kingdom mezii
86%
FURIA Kazakhstan molodoy
86%
The MongolZ Mongolia mzinho
86%
Liquid Israel NertZ
86%
Passion UA United States nicx
86%
Falcons Bosnia & Herzegovina NiKo
86%
paiN Brazil nqz
86%
Vitality Estonia ropz
86%
BC.Game Ukraine s1mple
86%
Spirit Russia sh1ro
86%
NRG South Africa Sonic
86%
MOUZ Israel Spinx
86%
The MongolZ Mongolia Techno
86%
Falcons Denmark TeSeS
86%
Spirit Belarus tN1R
86%
MOUZ Hungary torzsi
86%
FaZe Canada Twistzz
86%
Liquid Poland ultimate
86%
Natus Vincere Ukraine w0nderful
86%
MOUZ Israel xertioN
86%
FURIA Latvia YEKINDAR
86%
FURIA Brazil yuurih
86%
Spirit Ukraine zont1x
86%
Vitality France ZywOo
86%
B8 Ukraine alex666
71%
Legacy Brazil dumau
71%
FUT Lithuania dziugss
71%
3DMAX France Ex3rcice
71%
Passion UA United States Grim
71%
Passion UA Norway hallzerk
71%
Astralis Denmark jabbi
71%
FUT Kosovo Krabeni
71%
BC.Game Portugal MUTiRiS
71%
NRG United States nitr0
71%
NRG United States oSee
71%
Ninjas in Pyjamas Ukraine r1nkle
71%
Ninjas in Pyjamas Poland xKacpersky
71%
BC.Game Portugal aragornN
57%
FUT Ukraine cmtry
57%
FUT Ukraine dem0n
57%
Astralis Denmark HooXi
57%
B8 Ukraine kensizor
57%
Legacy Brazil latto
57%
FUT Romania lauNX
57%
Legacy Brazil n1ssim
57%
B8 Ukraine npl
57%
Astralis Sweden phzy
57%
paiN Brazil piriajr
57%
GamerLegion Czech Republic PR
57%
GamerLegion Sweden REZ
57%
Astralis Lithuania ryu
57%
Ninjas in Pyjamas Denmark sjuush
57%
Ninjas in Pyjamas Denmark Snappi
57%
GamerLegion Poland Snax
57%
Astralis Denmark Staehr
57%
HEROIC Sweden susp
57%
paiN Brazil vsm
57%
HEROIC Turkey xfl0ud
57%
HEROIC Sweden yxngstxr
57%
Ninjas in Pyjamas Ukraine cairne
43%
GamerLegion Poland hypex
43%
NRG United States Jeorge
43%
BC.Game Portugal krazy
43%
Legacy Brazil lux
43%
Legacy Brazil saadzin
43%
GamerLegion Denmark Tauson
43%
HEROIC Denmark Chr1zN
29%
B8 Ukraine esenthial
29%
HEROIC Sweden nilo
29%
B8 Ukraine segukawa
29%
No matching quizzes found
Score Distribution
Percent of People with Each Score
Percentile by Number Answered
Your Score History
You have not taken this quiz